00469nam a2200169Ia 450000500170000000800410001702000150005808200130007310000230008624500190010926000420012830000130017065000100018394200060019395200850019999900150028420250310010546.0240331s9999 xx 000 0 und d a9558033065 a891bSUN aRajakarunanayake,S 0aPrema puranaya aDehiawalabVidarshan Publishersc1999 a174 p ., aPoems cL 001040708LaWERCLbWERCLcSSCd2024-03-31l0p5470r2024-03-31w2024-03-31yL c4911d4911